| 000 | 00717nam a22002537a 4500 | ||
|---|---|---|---|
| 003 | CHAP | ||
| 005 | 20220329134206.0 | ||
| 008 | 971013s r 00010 d | ||
| 010 | _a16737 | ||
| 011 | _a17709 | ||
| 035 | _a21793 | ||
| 040 | _cCHAP | ||
| 090 | _aR-1275 | ||
| 100 | 0 | 0 |
_aJakabffy, Erno. _960947 |
| 245 | _aRationalisering av plantskolor pa friland | ||
| 500 | _aSobretiro de : Sveriges Skogsvardsforbunds tidskrift. 4:425-440, 1969 | ||
| 590 |
_aBATCH-UPD _b10 _c20130110 _lUCH01 _h1209 |
||
| 590 |
_aCONVERSION _b10 _c20130109 _lUCH01 _h1310 |
||
| 650 | 1 | 4 |
_aInjertos. _958808 |
| 650 | 1 | 4 |
_aTrasplante. _9114674 |
| 901 | _aBK | ||
| 942 | _cREIMP | ||
| 949 |
_aR-1275 _bBC _cR _d-50727 _eTS1 _i21793 _si |
||
| 999 |
_c16737 _d16737 |
||